书目信息 |
| 题名: |
人参姑娘
|
|
| 作者: | ;中国民间文艺研究会吉林分会 著 | |
| 分册: | ||
| 出版信息: | 长春 吉林人民出版社 1982.9 |
|
| 页数: | 258页 | |
| 开本: | 20cm | |
| 丛书名: | ||
| 单 册: | ||
| 中图分类: | I276.3 | |
| 科图分类: | ||
| 主题词: | 民间文学--中国 | |
| 电子资源: | ||
| ISBN: | ||
| 000 | 00572nam0 2200181 45 | |
| 001 | 0312221749 | |
| 005 | 20070802092352.95 | |
| 010 | @dCNY0.75 | |
| 100 | @a20031222d1982 km y0chiy0120 ea | |
| 101 | @achi | |
| 200 | 1 | @a人参姑娘@ARen Shen Gu Niang@f中国民间文艺研究会吉林分会著@FZhong Guo Min Jian Wen Yi Yan Jiu Hui Ji Lin Fen Hui Zhu |
| 210 | @a长春@c吉林人民出版社@d1982.9 | |
| 215 | @a258页@d20cm | |
| 606 | 0 | @a民间文学@x中国 |
| 690 | @aI276.3@v3 | |
| 711 | 02 | @a中国民间文艺研究会吉林分会@4著 |
| 801 | @aCN@bTSTCL@c20070802 | |
| 905 | @dI276.3@e30@f1@b76671@b76673-674@f2 | |
| 人参姑娘/中国民间文艺研究会吉林分会著.-长春:吉林人民出版社,1982.9 |
| 258页;20cm |
| ISBN :CNY0.75 |
| ● |
| 相关链接 |
|
|
|
|
正题名:人参姑娘
索取号:I276.3/30
 
预约/预借
| 序号 | 登录号 | 条形码 | 馆藏地/架位号 | 状态 | 备注 |
| 1 | 0076671 | 001648694 | 第二借阅区/ [索取号:I276.3/30] | 在馆 | |
| 2 | 0076673 | 000037766 | 第二借阅区/ [索取号:I276.3/30] | 在馆 | |
| 3 | 0076675 | 001589203 | 第一样本阅览室/ [索取号:I276.3/30] | 在馆 | |
| 4 | 0457050 | 204570507 | 密集书库/ [索取号:I276.3/30] | 在馆 | |
| 5 | 0457051 | 204570516 | 密集书库/ [索取号:I276.3/30] | 在馆 | |
| 6 | 0457709 | 204577092 | 密集书库/ [索取号:I276.3/30] | 在馆 | |
| 7 | 0457710 | 204577109 | 密集书库/ [索取号:I276.3/30] | 在馆 | |
| 8 | 0469721 | 204697211 | 密集书库/ [索取号:I276.3/30] | 在馆 | |
| 9 | 0790957 | 207909575 | 密集书库/ [索取号:I276.3/30] | 在馆 |